01286nam a2200277 a 450000100100000000500170001000800410002704000250006804100390009308200130013211000360014524000470018124501190022826001230034730000280047053400560049850000500055450400320060450000220063670000390065870000450069704900090074295201170075195201230086899900170099100002471720200930023328.0110202s1975 mx a r 001 0 spa d aDO-SdBNPbspacBNPHU17aspaheng2Código de idiomas MARC ann*bnn*1 aUniversity of Wisconsin.95070910aMain in the living environment.lEspañol10aEl hombre en el medio ambiente vivo /cTraducción de Patricia Moreno C. Barcelo ; prólogo de Arthur D. Hasler. aMéxico, D. F. :bContinental ;bCentro Regional de Ayuda Técnica. Agencia para el Desarrollo Internacional,c1975. a271 p. :bil. ;c23 cm. aTítulo original :tMain in the living environment a"Patrocinado por el Instituto de Ecología". aBibliografía : 256-261 p. aIncluye índice.1 aHasler, Arthur D.,epról.9507101 aMoreno C. Barcelo, Patricia,etr.950711 aBNGR 001054708MOaGRbGRcCTd2011-02-02iLF1l0onn* nn*p24717-10r2020-06-25w2020-06-25y4ZPréstamo en sala 001054728MOaGRbGRcCTd2011-02-02iLF1l0onn* nn*p24717-20r2020-06-25te. 2w2020-06-25y4ZPréstamo en sala c24210d24210